American papers secret and confidential: India-Pakistan-Bangladesh documents, 1965-1973 (Record no. 390766)

000 -LEADER
fixed length control field 00764cam a22001937a 4500
008 - FIXED-LENGTH DATA ELEMENTS--GENERAL INFORMATION
fixed length control field 180718b1999 xxu||||| |||| 00| 0 eng d
020 ## - INTERNATIONAL STANDARD BOOK NUMBER
International Standard Book Number 0195791908
082 ## - DEWEY DECIMAL CLASSIFICATION NUMBER
Classification number A6x73 K527
100 ## - MAIN ENTRY--PERSONAL NAME
Personal name Khan, Roedad
245 ## - TITLE STATEMENT
Title American papers secret and confidential: India-Pakistan-Bangladesh documents, 1965-1973
Statement of responsibility, etc. by Roedad Khan
260 ## - PUBLICATION, DISTRIBUTION, ETC.
Place of publication, distribution, etc. Oxford
Name of publisher, distributor, etc. Oxford Univ. Press
Date of publication, distribution, etc. 1999
300 ## - PHYSICAL DESCRIPTION
Extent 997p.
650 ## - SUBJECT ADDED ENTRY--TOPICAL TERM
Topical term or geographic name entry element United States - Foreign relations - Bangladesh - 1965-1973
650 ## - SUBJECT ADDED ENTRY--TOPICAL TERM
Topical term or geographic name entry element United States - Foreign relations - Pakistan - 1965-1973
650 ## - SUBJECT ADDED ENTRY--TOPICAL TERM
Topical term or geographic name entry element United States - Foreign relations - India - 1965-1973
650 ## - SUBJECT ADDED ENTRY--TOPICAL TERM
Topical term or geographic name entry element United States - Foreign relations - 1965-1973
650 ## - SUBJECT ADDED ENTRY--TOPICAL TERM
Topical term or geographic name entry element United States - History - 1965-1973
650 ## - SUBJECT ADDED ENTRY--TOPICAL TERM
Topical term or geographic name entry element Diplomatic documents - 1965-1973
Holdings
Withdrawn status Lost status Damaged status Not for loan Permanent Location Current Location Date acquired Full call number Barcode Date last seen Price effective from Koha item type
        Indian Institute of Public Administration Indian Institute of Public Administration 1999-12-29 A6x73 K527 74716 2018-07-21 2018-07-21 Book

Powered by Koha